Introductory statistics for health and nursing using SPSS (Record no. 480374)

MARC details
000 -LEADER
fixed length control field 01720cam a2200373 a 4500
001 - CONTROL NUMBER
control field EDZ0000082862
003 - CONTROL NUMBER IDENTIFIER
control field StDuBDS
005 - DATE AND TIME OF LATEST TRANSACTION
control field 20161031105140.0
006 - FIXED-LENGTH DATA ELEMENTS--ADDITIONAL MATERIAL CHARACTERISTICS--GENERAL INFORMATION
fixed length control field m||||||||d||||||||
007 - PHYSICAL DESCRIPTION FIXED FIELD--GENERAL INFORMATION
fixed length control field cr |||||||||||
008 - FIXED-LENGTH DATA ELEMENTS--GENERAL INFORMATION
fixed length control field 120427s2010 caua fo| 001|0|eng|d
020 ## - INTERNATIONAL STANDARD BOOK NUMBER
International Standard Book Number 9781446221570 (ebook) :
Terms of availability No price
040 ## - CATALOGING SOURCE
Original cataloging agency StDuBDS
Language of cataloging eng
Transcribing agency StDuBDS
Description conventions pn
049 ## - LOCAL HOLDINGS (OCLC)
Holding library Alfaisal Main Library
050 #0 - LIBRARY OF CONGRESS CALL NUMBER
Classification number R853.S7
Item number M37 2010
082 04 - DEWEY DECIMAL CLASSIFICATION NUMBER
Classification number 610.727
Edition number 23
100 1# - MAIN ENTRY--PERSONAL NAME
Personal name Marston, Louise,
Dates associated with a name 1975-
245 10 - TITLE STATEMENT
Title Introductory statistics for health and nursing using SPSS
Medium [electronic resource] /
Statement of responsibility, etc Louise Marston.
260 ## - PUBLICATION, DISTRIBUTION, ETC. (IMPRINT)
Place of publication, distribution, etc Los Angeles, [Calif.] ;
-- London :
Name of publisher, distributor, etc SAGE,
Date of publication, distribution, etc 2010.
300 ## - PHYSICAL DESCRIPTION
Extent 1 online resource (251 p.) :
Other physical details ill.
520 8# - SUMMARY, ETC.
Summary, etc 'Introductory Statistics for Health & Nursing using SPSS' is an impressive introductory statistics text ideal for all health science & nursing students. Health & nursing students can be anxious & lacking in confidence when it comes to handling statistics. This book has been developed with this readership in mind.
521 ## - TARGET AUDIENCE NOTE
Target audience note Specialized.
588 ## -
-- Description based on print version record.
504 ## - BIBLIOGRAPHY, ETC. NOTE
Bibliography, etc Includes bibliographical references and index.
650 #0 - SUBJECT ADDED ENTRY--TOPICAL TERM
Topical term or geographic name as entry element Medical statistics.
650 #0 - SUBJECT ADDED ENTRY--TOPICAL TERM
Topical term or geographic name as entry element Nursing
General subdivision Statistical methods.
630 00 - SUBJECT ADDED ENTRY--UNIFORM TITLE
Uniform title SPSS (Computer file)
655 #7 - INDEX TERM--GENRE/FORM
Genre/form data or focus term Electronic books.
Source of term local
710 2# - ADDED ENTRY--CORPORATE NAME
Corporate name or jurisdiction name as entry element Sage eBooks
776 08 - ADDITIONAL PHYSICAL FORM ENTRY
Display text Print version :
International Standard Book Number 9781847874832
856 40 - ELECTRONIC LOCATION AND ACCESS
Materials specified SAGE research methods
Uniform Resource Identifier <a href="http://methods.sagepub.com/book/introductory-statistics-for-health-and-nursing-using-spss">http://methods.sagepub.com/book/introductory-statistics-for-health-and-nursing-using-spss</a>
856 40 - ELECTRONIC LOCATION AND ACCESS
Uniform Resource Identifier <a href="http://ezproxy.alfaisal.edu/login?url=http://sk.sagepub.com/books/introductory-statistics-for-health-and-nursing-using-spss">http://ezproxy.alfaisal.edu/login?url=http://sk.sagepub.com/books/introductory-statistics-for-health-and-nursing-using-spss</a>
942 ## - ADDED ENTRY ELEMENTS (KOHA)
Source of classification or shelving scheme Library of Congress Classification
Koha item type eBooks

No items available.

Copyright © 2020 Alfaisal University Library. All Rights Reserved.
Tel: +966 11 2158948 Fax: +966 11 2157910 Email:
librarian@alfaisal.edu